000 00628nam a22002177a 4500
003 UA-OsUOA
001 53970
007 ta
008 20080513b un ||||| |||| 00| 0 ukr d
100 _aКириченко О.
090 _a330(477)
_bК-12
942 _cSA
040 _aUA-OsUOA
_bukr
_cUA-OsUOA
_dUA-OsUOA
245 _aДіяльність інвестиційних банків в Україні: проблеми та перспективи розвитку
300 _aС.57-73
955 _a0
041 _aukr
080 _a330(477)
773 0 _w53969
650 7 _a330 Економіка взагалі
_2UDC
999 _c340059
_d340059